Thơ ca : Chống phong kiến đế quốc của các dân tộc miền núi Thanh Hóa (1930 - 1954)

সংরক্ষণ করুন:
গ্রন্থ-পঞ্জীর বিবরন
বিন্যাস: গ্রন্থ
ভাষা:Undetermined
প্রকাশিত: Hà Nội Hội nhà văn 2018
বিষয়গুলি:
ট্যাগগুলো: ট্যাগ যুক্ত করুন
কোনো ট্যাগ নেই, প্রথমজন হিসাবে ট্যাগ করুন!
Thư viện lưu trữ: Trung tâm Học liệu Trường Đại học Cần Thơ
LEADER 00734nam a2200193Ia 4500
001 CTU_232895
008 210402s9999 xx 000 0 und d
082 |a 895.9221009 
082 |b Th460 
245 0 |a Thơ ca : 
245 0 |b Chống phong kiến đế quốc của các dân tộc miền núi Thanh Hóa (1930 - 1954) 
245 0 |c Hoàng Anh Nhân, Vương Anh (Sưu tầm, biên dịch, chú thích, giới thiệu) 
260 |a Hà Nội 
260 |b Hội nhà văn 
260 |c 2018 
650 |a Thơ Việt Nam,Vietnamese poetry 
650 |x Lịch sử và phê bình,History and criticism 
910 |b nthai 
980 |a Trung tâm Học liệu Trường Đại học Cần Thơ